Doctor Who Credited Actors Quiz Stats

Quiz Updated May 2, 2015

Challenge
Share
Tweet
Embed
Score 0/20 Timer 07:00
1 Play Today
Role Name % Correct
DoctorMatt Smith
97.3%
DoctorDavid Tennant
96.2%
DoctorChristopher Eccleston
89.5%
CompanionBillie Piper
86.6%
DoctorPeter Capaldi
78%
CompanionCatherine Tate
73.9%
CompanionKaren Gillan
71.2%
CompanionFreema Agyeman
67.1%
CompanionJohn Barrowman
66.9%
NemesisJohn Simm
64.3%
Role Name % Correct
DoctorJohn Hurt
63.4%
CompanionArthur Darvill
63.1%
CompanionJenna-Louise Coleman
42.2%
CompanionKylie Minogue
36.9%
CompanionElisabeth Sladen
33.6%
CompanionBernard Cribbins
26.6%
CompanionMichelle Ryan
16.9%
CompanionDavid Morrissey
13.6%
CompanionLindsay Duncan
12.4%
Companion Claire Skinner
6.6%

You're not logged in!

Compare scores with friends on all Sporcle quizzes.
Sign Up with Email
OR
Log In

You Might Also Like...

Show Comments

Extras

Top Quizzes Today


Score Distribution

Your Account Isn't Verified!

In order to create a playlist on Sporcle, you need to verify the email address you used during registration. Go to your Sporcle Settings to finish the process.